|
|
|
|
| LEADER |
00000naa2a2200000 4500 |
| 001 |
234904 |
| 005 |
20260210115448.0 |
| 035 |
|
|
|a (RuTPU)RU\TPU\book\256033
|
| 035 |
|
|
|a RU\TPU\book\256030
|
| 090 |
|
|
|a 234904
|
| 100 |
|
|
|a 20130401d2011 k y0rusy50 ca
|
| 101 |
0 |
|
|a rus
|
| 102 |
|
|
|a RU
|
| 135 |
|
|
|a drnn ---uucaa
|
| 181 |
|
0 |
|a i
|
| 182 |
|
0 |
|a b
|
| 200 |
1 |
|
|a Моделирование трехмерного нестационарного температурного поля в биологическом объекте при воздействии низкими температурами
|f Н. Ю. Турунтаева
|g науч. рук. Т. В. Коваль
|
| 203 |
|
|
|a Текст
|c электронный
|
| 225 |
1 |
|
|a Информатика и управление в технических системах
|
| 300 |
|
|
|a Заглавие с титульного экрана
|
| 320 |
|
|
|a [Библиогр.: с. 445 (2 назв.)]
|
| 337 |
|
|
|a Adobe Reader
|
| 461 |
|
1 |
|0 (RuTPU)RU\TPU\book\255301
|t Современные техника и технологии
|o сборник трудов XVII международной научно-практической конференции студентов, аспирантов и молодых ученых, Томск, 18-22 апреля 2011 г
|o в 3 т.
|f Национальный исследовательский Томский политехнический университет (ТПУ)
|d 2011
|
| 463 |
|
1 |
|0 (RuTPU)RU\TPU\book\255307
|t Т. 2
|v [С. 444-445]
|d 2011
|
| 610 |
1 |
|
|a труды учёных ТПУ
|
| 610 |
1 |
|
|a электронный ресурс
|
| 610 |
1 |
|
|a моделирование
|
| 610 |
1 |
|
|a температурное поле
|
| 610 |
1 |
|
|a биологические объекты
|
| 610 |
1 |
|
|a воздействие
|
| 610 |
1 |
|
|a низкие температуры
|
| 700 |
|
1 |
|a Турунтаева
|b Н. Ю.
|
| 702 |
|
1 |
|a Коваль
|b Т. В.
|c математик, физик
|c профессор Томского политехнического университета, доктор физико-математических наук
|f 1953-
|g Тамара Васильевна
|3 (RuTPU)RU\TPU\pers\25463
|4 727
|
| 801 |
|
2 |
|a RU
|b 63413507
|c 20130416
|g RCR
|
| 856 |
4 |
|
|u http://www.lib.tpu.ru/fulltext/c/2011/C01/V02/217.pdf
|
| 942 |
|
|
|c CF
|